| 000 | 00416nam a22001577a 4500 | ||
|---|---|---|---|
| 005 | 20251108164018.0 | ||
| 008 | 250721s1984 xx 000 0 ara d | ||
| 082 | 1 | 4 | _a001.6424/فار |
| 100 | 1 | _aالعامري، فاروق محمد | |
| 245 | 1 | 0 | _aحاسب الجيب / |
| 264 | 1 |
_aدمشق : _bدار الكتاب، _c1984. |
|
| 300 | _a92ص. | ||
| 650 | 1 | 7 | _aالحواسيب |
| 942 |
_2ddc _cBK |
||
| 999 |
_c1378 _d1378 |
||